000 01121 a2200337 4500
001 200130667
999 _c200130667
_d30578
003 TR-AnTOB
005 20200608105701.0
008 131011s2011 enk 000 0
020 _a9780470516874
040 _aTR-AnTOB
041 _aeng
050 0 _aNA2542.35
_b.V47 2011
090 _aNA2542.35 .V47 2011
245 1 0 _aVersatility and vicissitude :
_bperformance in morpho-ecological design /
_cguest-edited by Michael Hensel and Achim Menges.
264 1 _aLondon:
_bWiley,
_c2008
300 _a144 pages :
_billustration (some col.) ;
_c28 cm.
490 0 _aArchitectural design,
_v78
_x0003-8504 ;
490 0 _aProfile ;
_v192
504 _aIncludes bibliographical references.
650 0 _aSustainable architecture
_980155
650 0 _aMimari tasarım
_944932
650 0 _aArchitectural design
_92582
650 7 _aSürdürülebilir mimari
_2etuturkob
_980150
650 0 _aArchitecture
_xEnvironmental aspects
_94522
650 0 _aMimari
_xÇevresel yönleri
_9116429
700 1 _aHensel, Michael
_993514
700 1 _aMenges, Achim
_993515
942 _cBK